000 00528nam a2200181Ia 4500
005 20250326142256.0
008 250326s9999 xx 000 0 und d
037 _aTextbook
040 _aFMSL
_beng
_cFMSL
041 _aeng
_2eng
084 _aX61.44r P0
_qFMSL
100 _aReserve Bank OF India
245 0 _aReport on currency and fice 1999-2000
_cReserve Bank OF India
260 _aMumbai
_bMumbai, Reserve Bank of India
_c2000
300 _av
942 _cTB
_hX61.44r P0
999 _c1294252
_d1294252